歴代有馬記念優勝馬 - Statistics

General Stats
  • This quiz has been taken 201 times
    112 since last reset
  • The average score is 31 of 69
Answer Stats
Hint Answer % Correct
1984 シンボリルドルフ
90%
1985 シンボリルドルフ
90%
1988 オグリキャップ
87%
1990 オグリキャップ
87%
2017 キタサンブラック
86%
2006 ディープインパクト
83%
1993 トウカイテイオー
82%
2000 テイエムオペラオー
81%
2011 オルフェーヴル
81%
2012 ゴールドシップ
81%
2013 オルフェーヴル
81%
2023 ドウデュース
79%
2022 イクイノックス
77%
1994 ナリタブライアン
75%
2008 ダイワスカーレット
75%
2005 ハーツクライ
73%
2014 ジェンティルドンナ
73%
2024 レガレイラ
71%
2002 シンボリクリスエス
70%
2003 シンボリクリスエス
70%
1998 グラスワンダー
69%
1999 グラスワンダー
69%
2004 ゼンノロブロイ
68%
2021 エフフォーリア
66%
1989 イナリワン
64%
2020 クロノジェネシス
64%
1965 シンザン
62%
1995 マヤノトップガン
62%
2001 マンハッタンカフェ
61%
2016 サトノダイヤモンド
61%
2019 リスグラシュー
60%
1992 メジロパーマー
58%
2007 マツリダゴッホ
55%
2018 ブラストワンピース
53%
1996 サクラローレル
48%
2009 ドリームジャーニー
45%
2015 ゴールドアクター
45%
1991 ダイユウサク
44%
1969 スピードシンボリ
42%
1970 スピードシンボリ
42%
1979 グリーングラス
40%
1976 トウショウボーイ
39%
1977 テンポイント
39%
2010 ヴィクトワールピサ
32%
1997 シルクジャスティス
27%
1987 メジロデュレン
22%
1957 ハクチカラ
21%
1971 トウメイ
19%
1986 ダイナガリバー
18%
1981 アンバーシャダイ
17%
1956 メイヂヒカリ
14%
1974 タニノチカラ
12%
1980 ホウヨウボーイ
12%
1982 ヒカリデュール
10%
1983 リードホーユー
10%
1959 ガーネット
8%
1960 スターロッチ
8%
1967 カブトシロー
8%
1978 カネミノブ
8%
1958 オンワードゼア
6%
1972 イシノヒカル
6%
1961 ホマレボシ
5%
1962 オンスロート
5%
1973 ストロングエイト
5%
1975 イシノアラシ
5%
1963 リユウフオーレル
4%
1964 ヤマトキヨウダイ
4%
1966 コレヒデ
4%
1968 リュウズキ
4%
No matching quizzes found
Score Distribution
Percent of People with Each Score
Percentile by Number Answered
Your Score History
You have not taken this quiz since the last reset